Next North America country alphaBetically - Statistics

General Stats
  • This quiz has been taken 6 times
  • The average score is 3 of 5
Answer Stats
Hint Answer % Correct
Panama costa rica
80%
mexico haiti
80%
Canada mexico
80%
bahamas antigua and barbuda
60%
trimidad and tobago canada
40%
No matching quizzes found
Score Distribution
Percent of People with Each Score
Percentile by Number Answered
Your Score History
You have not taken this quiz